Click the Jamiroquai Song Title Ending - Statistics

General Stats
  • This quiz has been taken 98 times
  • The average score is 15 of 17
Answer Stats
Hint Answer % Correct
Too Young to Die
95%
(Don't) Give Hate a Chance
93%
Space Cowboy
93%
When You Gonna Learn?
93%
Emergency on Planet Earth
92%
Canned Heat
92%
Use the Force
91%
Travelling Without Moving
91%
Seven Days in Sunny June
88%
Manifest Destiny
87%
Cosmic Girl
87%
You Give Me Something
87%
Time Won't Wait
87%
Virtual Insanity
85%
Deeper Underground
83%
Little L
81%
Love Foolosophy
79%
No matching quizzes found
Score Distribution
Percent of People with Each Score
Percentile by Number Answered
Your Score History
You have not taken this quiz